Návrh monolitickej betónovej konštrukcie poschodových garáží
Salvato in:
| Autore principale: | |
|---|---|
| Altri autori: | |
| Natura: | Manoscritto Libro |
| Lingua: | slovacco |
| Pubblicazione: |
2017
|
| Soggetti: | |
| Accesso online: | http://is.stuba.sk/zp/portal_zp.pl?podrobnosti=124314 https://opac.crzp.sk/?fn=detailBiblioForm&sid=CBCDB6E5622FB9C0D0584428BE80 |
| Tags: |
Nessun Tag, puoi essere il primo ad aggiungerne!!
|
MARC
| LEADER | 00000ntm a22000003a 4500 | ||
|---|---|---|---|
| 001 | stuzp56825 | ||
| 003 | SK-STU | ||
| 005 | 20230907143831.5 | ||
| 007 | ta | ||
| 008 | 150427s2015----xo-----f-mn---000-0-slo-d | ||
| 040 | |a STU |b slo | ||
| 041 | 0 | |a slo | |
| 100 | 1 | |a Juriga, Vladimír |u 010110 |4 aut |U SvF Stavebná fakulta |T SvF Katedra betónových konštrukcií a mostov |X 49664 |U V110 |Y 11 |7 A000049664 | |
| 242 | 0 | 1 | |a Proposal of monolithic concrete structures storey garages |y eng |
| 245 | 1 | 0 | |a Návrh monolitickej betónovej konštrukcie poschodových garáží |
| 260 | |c 2017 | ||
| 650 | 4 | |a konštrukcia |2 slo | |
| 650 | 4 | |a parkovací |2 slo | |
| 650 | 4 | |a bezprievlaková |2 slo | |
| 650 | 4 | |a slab |2 eng | |
| 650 | 4 | |a solution |2 eng | |
| 650 | 4 | |a monolitic |2 eng | |
| 700 | 1 | |a Bilčík, Juraj |u 010110 |k Z1 |4 ths |U SvF Stavebná fakulta |T SvF Katedra betónových konštrukcií a mostov |X 998 |U V110 |Y 11 |7 A000000998 | |
| 856 | 4 | |u http://is.stuba.sk/zp/portal_zp.pl?podrobnosti=124314 | |
| 856 | 4 | |u https://opac.crzp.sk/?fn=detailBiblioForm&sid=CBCDB6E5622FB9C0D0584428BE80 | |